01085 a2200181 45000010006000000050017000060080041000230030015000640400040000790800039001192450040001580200018001982640085002163000019003015050446003201000029007668560108007952212620260407155509.0260407a1997 arg spa dAR-UNSa-BCEJYS aAR-UNSa-BCEJYSbspacAR-UNSa-BCEJYS a657.6xAuditoria (control interno)10aAuditoría del área de impuestos a84-89328-49-8 1aMadrid :bInstituto de Auditores - Censores Jurados de Cuentas de Españac1997 a128 p.c24 cm. a1. Introducción - 2. Principales figuras tributarias - 3. Normas de valoración y registro contable - 4. Objetivos y procedimientos de auditoría de carácter general - 5. Objetivos y procedimientos de auditoría de carácter general - 6. Régimen sancionador en materia tributaria - 7. Tipologia y plazos de presentación de las declaraciones y liquidaciones tributaria - 8. Esquemas, resumen - 9. Cuestionario de autevaluación. 1 aPicazo González, Julio41uhttps://biblioeco.unsa.edu.ar/pmb/images/libros/Escuela de Auditoria.jpgyImagen de portadaqimage/jpeg